[Event "Mistrzostwa KKSz Seniorow 2010"]
[Site "Krakow"]
[Date "2010.08.09"]
[Round "1.1"]
[White "Sliwerski, Radoslaw"]
[Black "Czaplak, Lukasz"]
[Result "1-0"]
[BlackElo "1714"]
[BlackTitle "II"]
[WhiteElo "2173"]
[WhiteTitle "k++"]

1. d4 Nf6 2. c4 e6 3. Nc3 d5 4. Nf3 Be7 5. Bg5 O-O 6. e3 b6 7. cxd5 exd5 8. Qa4
Bb7 9. Rc1 a6 10. Bd3 Ne4 11. Bxe7 Qxe7 12. O-O c5 13. Qc2 Nd7 14. Rfe1 h6 15.
Nd2 Nxd2 16. Qxd2 Nf6 17. f3 cxd4 18. exd4 Qb4 19. Bf5 Rfe8 20. a3 Qd6 21. g3
Bc6 22. Rxe8+ Rxe8 23. Bd3 b5 24. Ne2 Rc8 25. Bf5 Rc7 26. Qa5 g6 27. Bh3 Qe7
28. Kf2 Ne8 29. Qxa6 Qf6 30. Bd7 Rxd7 31. Qxc6 Qf5 32. g4 Qe6 33. Nf4 Qe7 34.
Nxd5 Qd8 35. Rc5 Rd6 36. Qxb5 Qh4+ 37. Kg2 Re6 38. Rc8 Kg7 39. Rxe8 Qe1 40.
Rxe6 Qxe6  1-0

[Event "Mistrzostwa KKSz Seniorow 2010"]
[Site "Krakow"]
[Date "2010.08.09"]
[Round "1.2"]
[White "Polek, Marek"]
[Black "Gawronski, Lukasz"]
[Result "0-1"]
[BlackElo "2056"]
[BlackTitle "I"]
[WhiteElo "1703"]
[WhiteTitle "II+"]

1. e4 c5 2. Nf3 Nc6 3. d4 cxd4 4. Nxd4 Nf6 5. Nc3 e5 6. Nb3 Bb4 7. f3 d5 8. exd5
Nxd5 9. Bd2 Bxc3 10. Bxc3 O-O 11. Bd3 Nxc3 12. bxc3 Qh4+ 13. g3 Qh3 14. Kf2 Kh8
15. Qf1 Qh5 16. h4 f5 17. Kg2 b6 18. Re1 Bb7 19. Ba6 Bxa6 20. Qxa6 Qg6 21. Qe2
Rae8 22. Rhf1 a5 23. Nd2 Rf7 24. Kh2 Rd7 25. Nc4 Qh6 26. Ne3 f4 27. Ng2 fxg3+
28. Kxg3 Rd2 29. Qe4 g5 30. Re2 Rg8 31. Kf2 g4 32. Ne3 g3+ 33. Ke1 Rdd8 34. Nf5
Qc1#  0-1

[Event "Mistrzostwa KKSz Seniorow 2010"]
[Site "Krakow"]
[Date "2010.08.09"]
[Round "1.3"]
[White "Krupinski, Jerzy"]
[Black "Trebala, Michal"]
[Result "1-0"]
[BlackElo "1614"]
[BlackTitle "III"]
[WhiteElo "1982"]
[WhiteTitle "I"]

1. d4 d6 2. c4 Nf6 3. Nc3 g6 4. e4 Bg7 5. f3 O-O 6. Be3 e5 7. d5 Ne8 8. g4 f5 9.
gxf5 gxf5 10. Qd2 fxe4 11. fxe4 Bg4 12. Qg2 Qf6 13. Kd2 Bf3 14. Nxf3 Qxf3 15.
Qxf3 Rxf3 16. Be2 Rf8 17. Rag1 Kh8 18. Rg3 Nd7 19. Bg4 Nef6 20. Bf5 a6 21. Rhg1
Nh5 22. Bxd7 Nxg3 23. hxg3 Rf6 24. g4 Raf8 25. Bf5 h6 26. Ne2 c6 27. Rh1 cxd5
28. cxd5 Rb8 29. g5 Rff8 30. gxh6 Bf6 31. Ng3 Rg8 32. Nh5 Bg5 33. h7 Bxe3+ 34.
Kxe3 Rg2 35. Nf6 Rf8 36. Kf3 Rg5 37. Ng4 Rg7 38. Rh6 Rxh7 39. Rxh7+  1-0

[Event "Mistrzostwa KKSz Seniorow 2010"]
[Site "Krakow"]
[Date "2010.08.09"]
[Round "1.4"]
[White "Kapcia, Marcin"]
[Black "Gregulski, Zbigniew"]
[Result "0-1"]
[BlackElo "1915"]
[BlackTitle "I"]
[WhiteElo "1542"]
[WhiteTitle "III"]

1. e4 c6 2. Nf3 d5 3. exd5 cxd5 4. Bb5+ Nc6 5. Ne5 Qc7 6. d4 e6 7. O-O Bd6 8.
Re1 Ne7 9. Bf4 Ng6 10. Nxg6 hxg6 11. Bxd6 Qxd6 12. h3 Bd7 13. Bxc6 bxc6 14. Nd2
c5 15. Nf3 Rb8 16. b3 Rh5 17. Ne5 cxd4 18. Qxd4 Qb6 19. Rad1 Qxd4 20. Rxd4 Rb5
21. Kh2 Rf5 22. Rd2 g5 23. g4 Rf4 24. Rd3 Rc5 25. c4 dxc4 26. Nxc4 Ke7 27. Nd6
Bc6 28. Nf5+ Kf6 29. Rd6 g6 30. Nd4  0-1

[Event "Mistrzostwa KKSz Seniorow 2010"]
[Site "Krakow"]
[Date "2010.08.09"]
[Round "1.5"]
[White "Zaskalski, Dawid"]
[Black "Kapcia, Janusz"]
[Result "1-0"]
[BlackElo "1468"]
[BlackTitle "II"]
[WhiteElo "1874"]
[WhiteTitle "I"]

1. e4 c5 2. c3 e5 3. Nf3 Nc6 4. Bb5 d6 5. d4 Qb6 6. Qd3 Bd7 7. Bxc6 Qxc6 8. dxe5
O-O-O 9. Bf4 Bg4 10. exd6 Bxd6 11. Qe3 Nf6 12. Nfd2 Rhe8 13. Bxd6 Nxe4 14. O-O
Rxd6 15. Nc4 Rde6 16. Nba3 b6 17. Qf4 Be2 18. Rfe1 Rf6 19. Qh4 Rxf2 20. Rxe2
Rxe2 21. Qg4+ Kb8 22. Qxe2 Nxc3 23. Qg4 Ne2+ 24. Kh1 Nd4 25. Qf4+ Ka8 26. Nd6
Re7 27. Nxf7 Qe8 28. Rf1 Qd7 29. Nd6 a6 30. Qf8+  1-0

[Event "Mistrzostwa KKSz Seniorow 2010"]
[Site "Krakow"]
[Date "2010.08.10"]
[Round "2.1"]
[White "Zajac, Mateusz"]
[Black "Sliwerski, Radoslaw"]
[Result "1/2-1/2"]
[BlackElo "2173"]
[BlackTitle "k++"]
[WhiteElo "1871"]
[WhiteTitle "II"]

1. d4 Nf6 2. c4 e6 3. Nc3 Bb4 4. Qc2 c5 5. dxc5 O-O 6. a3 Bxc5 7. Nf3 Nc6 8. Bg5
Nd4 9. Nxd4 Bxd4 10. e3 Qa5 11. exd4 Qxg5 12. Qd2 Qxd2+ 13. Kxd2 d6 14. Bd3 b6
15. b4 Rd8 16. a4 a5 17. bxa5 bxa5 18. Rab1 Ba6 19. Rb6 Kf8 20. Nb5 Bxb5 21.
axb5 e5 22. Ra1 exd4 23. Ra6 Rxa6 24. bxa6 Ra8 25. Rxa5 Ra7 26. Bf5 g6 27. Bc8
Ne4+ 28. Ke2 Nc5 29. Rb5 Nxa6 30. Bxa6 Rxa6 31. Rb2  1/2-1/2

[Event "Mistrzostwa KKSz Seniorow 2010"]
[Site "Krakow"]
[Date "2010.08.10"]
[Round "2.2"]
[White "Gawronski, Lukasz"]
[Black "Zaskalski, Dawid"]
[Result "1/2-1/2"]
[BlackElo "1874"]
[BlackTitle "I"]
[WhiteElo "2056"]
[WhiteTitle "I"]

1. d4 g6 2. e4 Bg7 3. f4 d6 4. Nf3 Bg4 5. Bc4 Bxf3 6. Qxf3 e6 7. c3 Ne7 8. Be3
d5 9. exd5 exd5 10. Bd3 Nd7 11. O-O f5 12. Nd2 Nf6 13. Qe2 O-O 14. Nf3 Nc8 15.
Bf2 Ne4 16. Bh4 Bf6 17. Bxf6 Qxf6 18. c4 Nb6 19. cxd5 Nxd5 20. Bxe4 fxe4 21.
Qxe4 Nxf4 22. Ne5 Rad8 23. g3 Rxd4 24. Qe3 Qg5 25. Kh1 Ne6 26. Rxf8+ Kxf8 27.
Qe2 Kg8 28. Re1 Rd6 29. Qb5 b6 30. Qe8+ Kg7 31. Qf7+ Kh8 32. Qf1 Kg7 33. Qf7+
Kh8 34. Qf1 Kg7 35. Qf7+  1/2-1/2

[Event "Mistrzostwa KKSz Seniorow 2010"]
[Site "Krakow"]
[Date "2010.08.10"]
[Round "2.3"]
[White "Betlej, Jan"]
[Black "Krupinski, Jerzy"]
[Result "1-0"]
[BlackElo "1982"]
[BlackTitle "I"]
[WhiteElo "1834"]
[WhiteTitle "II"]

1. e4 c5 2. c3 d5 3. exd5 Qxd5 4. d4 e5 5. Nf3 cxd4 6. cxd4 e4 7. Ne5 f6 8. Bc4
Qa5+ 9. Bd2 Bb4 10. Nf7 Nh6 11. Nxh8 Bxd2+ 12. Qxd2 Qxd2+ 13. Kxd2 Nc6 14. Nc3
f5 15. Nb5 Ke7 16. d5 Ne5 17. d6+ Kf6 18. Bd5 Bd7 19. Nc7 Rxh8 20. f3 exf3 21.
gxf3 Bc6 22. f4 Ng6 23. Bxc6 bxc6 24. Rhf1 Rd8 25. Kc3 Rxd6 26. Ne8+ Ke7 27.
Nxd6 Kxd6 28. Rad1+ Kc7 29. h3 Nf7 30. b4 Ne7 31. Rfe1 Nd5+ 32. Rxd5  1-0

[Event "Mistrzostwa KKSz Seniorow 2010"]
[Site "Krakow"]
[Date "2010.08.10"]
[Round "2.4"]
[White "Gregulski, Zbigniew"]
[Black "Makowka, Kamil"]
[Result "1-0"]
[BlackElo "1842"]
[BlackTitle "II"]
[WhiteElo "1915"]
[WhiteTitle "I"]

1. d4 Nf6 2. Nf3 e6 3. c4 Bb4+ 4. Nbd2 O-O 5. a3 Be7 6. e4 d5 7. Bd3 g6 8. O-O
c5 9. dxc5 dxe4 10. Nxe4 Nxe4 11. Bxe4 Nc6 12. b4 Bf6 13. Bh6 Re8 14. Ra2 Qe7
15. Rd2 Ne5 16. Qb3 Nxf3+ 17. Qxf3 Be5 18. Bf4 Bxf4 19. Qxf4 f5 20. Bf3 e5 21.
Bd5+ Kg7 22. Qe3 f4 23. Qc3 Bg4 24. f3 Bf5 25. Rfd1 Rad8 26. Be4 Rxd2 27. Rxd2
Qh4 28. Rd1 Bxe4 29. fxe4 Re7 30. Rd5 Kh6 31. Rd3 Qg4 32. Qd2 Kg7 33. Qd1 Qe6
34. Rd5 h5 35. a4 h4 36. h3 Rf7 37. Qg4 Qe7 38. Rd6 g5 39. Qh5 Kg8 40. Rh6 Rh7
41. Rxh7 Qxh7 42. Qxh7+ Kxh7 43. b5  1-0

[Event "Mistrzostwa KKSz Seniorow 2010"]
[Site "Krakow"]
[Date "2010.08.10"]
[Round "2.5"]
[White "Czaplak, Lukasz"]
[Black "Wojtyna, Marek"]
[Result "1/2-1/2"]
[BlackElo "1720"]
[BlackTitle "II"]
[WhiteElo "1714"]
[WhiteTitle "II"]

1. e4 d5 2. exd5 Qxd5 3. Nc3 Qd6 4. d4 Nf6 5. Be3 a6 6. Nf3 e6 7. Bd3 b5 8. a3
Bb7 9. O-O Nbd7 10. Nd2 c5 11. Nde4 Qc7 12. dxc5 Nxe4 13. Bxe4 Bxe4 14. Nxe4
Nxc5 15. Qf3 Nxe4 16. Qxe4 Rd8 17. Rfd1 Bd6 18. h3 O-O 19. Rac1 Be5 20. c3 Bf6
21. a4 Qc4 22. Qxc4 bxc4 23. Bb6 Bg5 24. Ra1 Rb8 25. a5 Rfc8 26. Ra4 Rc6 27.
Rd4 Bc1 28. Raxc4 Rxc4 29. Rxc4 Bxb2 30. Rc6 Ba3 31. c4 Kf8 32. Rc7 Ke8 33. c5
Rd8 34. Ra7 Rc8 35. Rxa6 Bxc5 36. Bxc5 Rxc5 37. Ra8+ Kd7 38. a6 Ra5 39. a7 Kc7
40. Rg8 Rxa7 41. Rxg7 Kd6 42. Rxh7 Ra1+ 43. Kh2 Ke7 44. Kg3 Kf6 45. Rh4 Ra3+
46. f3 Ra2 47. Rg4 Ke7 48. Rg8 Kf6 49. h4 Ra5 50. Kg4 Ra4+ 51. f4 e5 52. g3
exf4 53. gxf4 Ra1 54. Rb8 Kg7 55. Rb6 Rg1+ 56. Kf5 Rh1 57. Kg5 Rg1+ 58. Kh5 Rf1
59. Rb4 Rf2 60. Kg4 Rg2+ 61. Kf3 Rg1 62. f5 Rf1+ 63. Kg4 Rg1+ 64. Kh5 Rf1 65.
Kg5 Rg1+ 66. Rg4 Rf1 67. h5 f6+ 68. Kh4+ Kh7 69. Rb4  1/2-1/2

[Event "Mistrzostwa KKSz Seniorow 2010"]
[Site "Krakow"]
[Date "2010.08.10"]
[Round "2.6"]
[White "Kapcia, Janusz"]
[Black "Polek, Marek"]
[Result "0-1"]
[BlackElo "1703"]
[BlackTitle "II+"]
[WhiteElo "1468"]
[WhiteTitle "II"]

1. c4 e5 2. Nc3 Nc6 3. e4 Nf6 4. h3 d6 5. Nf3 Be7 6. a3 O-O 7. d3 h6 8. Be2 Be6
9. Nd5 Nd7 10. Nxe7+ Qxe7 11. g4 a5 12. Bd2 Nc5 13. g5 hxg5 14. Bxg5 f6 15. Be3
Rad8 16. Nh4 Qd7 17. Bh5 Bf7 18. Bg4 Be6 19. Bh5 Bf7 20. Ng6 Bxg6 21. Bxg6 Ne7
22. Bh5 f5 23. Bg5 fxe4 24. d4 Nd3+ 25. Kd2 Rxf2+ 26. Kc3 exd4+ 27. Kxd4 Nc6+
28. Kc3 Rdf8 29. Bg4 Qe8 30. Kb3 Rxb2+  0-1

[Event "Mistrzostwa KKSz Seniorow 2010"]
[Site "Krakow"]
[Date "2010.08.11"]
[Round "3.1"]
[White "Betlej, Jan"]
[Black "Gregulski, Zbigniew"]
[Result "0-1"]
[BlackElo "1915"]
[BlackTitle "I"]
[WhiteElo "1834"]
[WhiteTitle "II"]

1. e4 c6 2. d4 d5 3. e5 Bf5 4. Nc3 e6 5. g4 Bg6 6. Nge2 h5 7. Nf4 Ne7 8. Nxg6
Nxg6 9. gxh5 Ne7 10. Bg5 Qb6 11. Na4 Qc7 12. Bd3 Nd7 13. Qg4 c5 14. Bxe7 Kxe7
15. c3 a6 16. b4 cxb4 17. cxb4 a5 18. b5 Nxe5 19. dxe5 Qxe5+ 20. Kd2 Ke8 21. a3
g6 22. hxg6 Bh6+ 23. Kc2 f5 24. Qe2 Qd6 25. Rhe1 Kd7 26. Ra2 Bg7 27. Kb3 Rac8
28. Bxf5 exf5 29. Nb6+ Kc7 30. Nxc8 a4+ 31. Kxa4 Qf4+ 32. Kb3 Rh3+ 33. Kc2 Qa4+
34. Kb1 Rb3+ 35. Rb2 Rxb2+ 36. Qxb2 Bxb2 37. Kxb2 Kxc8 38. Re7 Qxb5+ 39. Ka2
Qc4+ 40. Kb2 Qd4+ 41. Kb3 Qb6+ 42. Ka4 Qxg6  0-1

[Event "Mistrzostwa KKSz Seniorow 2010"]
[Site "Krakow"]
[Date "2010.08.11"]
[Round "3.2"]
[White "Wojtyna, Marek"]
[Black "Gawronski, Lukasz"]
[Result "0-1"]
[BlackElo "2056"]
[BlackTitle "I"]
[WhiteElo "1720"]
[WhiteTitle "II"]

1. d4 c5 2. e3 Nf6 3. c4 g6 4. Nf3 Bg7 5. Nc3 O-O 6. g3 b6 7. Bg2 Bb7 8. O-O d6
9. a3 Nbd7 10. b4 cxd4 11. exd4 Rc8 12. Qe2 Qc7 13. Bb2 Qxc4 14. Qxe7 Bxf3 15.
Bxf3 Qb3 16. Qe2 Rxc3 17. Bxc3 Qxc3 18. Qe3 Qxe3 19. fxe3 Re8 20. Rfe1 Ne4 21.
Bxe4 Rxe4 22. Rac1 Nf6 23. Rc8+ Ne8 24. Kf2 f5 25. Rec1 Re7 26. Rd8 Kf7 27. Kf3
Bh6 28. Rc3 Ke6 29. Rc6 Kd5 30. Rc3 Nf6 31. h3 Ne4 32. Rc2 Ng5+ 33. Kg2 Ne6 34.
e4+ fxe4 35. h4 Nxd8  0-1

[Event "Mistrzostwa KKSz Seniorow 2010"]
[Site "Krakow"]
[Date "2010.08.11"]
[Round "3.3"]
[White "Zaskalski, Dawid"]
[Black "Zajac, Mateusz"]
[Result "0-1"]
[BlackElo "1871"]
[BlackTitle "II"]
[WhiteElo "1874"]
[WhiteTitle "I"]

1. e4 c5 2. c3 g6 3. d4 cxd4 4. cxd4 d5 5. e5 Nc6 6. Nc3 Nh6 7. Bxh6 Bxh6 8. Nf3
Bg4 9. Be2 e6 10. O-O O-O 11. a3 f6 12. Re1 Bxf3 13. Bxf3 fxe5 14. dxe5 Bg7 15.
Bg4 Qe7 16. Bh3 Bxe5 17. Qg4 Rae8 18. Rad1 Kg7 19. Rd3 Rf4 20. Qd1 Qc5 21. Re2
Bd4 22. b4 Bxf2+ 23. Kh1 Qf8 24. g3 Rf6 25. b5 Nd8 26. Kg2 Bc5 27. Qe1 Re7 28.
Na4 Bd6 29. Qa1 Kg8 30. Qd4 b6 31. Rde3 Qf7 32. Rd3 Rc7 33. Rde3 e5 34. Qd2 d4
35. Re4 Rf1 36. Qd3 Rcc1 37. Bg4 h5 38. Bf3 Rcd1 39. Qc2 Qxf3+  0-1

[Event "Mistrzostwa KKSz Seniorow 2010"]
[Site "Krakow"]
[Date "2010.08.11"]
[Round "3.4"]
[White "Sliwerski, Radoslaw"]
[Black "Krupinski, Jerzy"]
[Result "1-0"]
[BlackElo "1982"]
[BlackTitle "I"]
[WhiteElo "2173"]
[WhiteTitle "k++"]

1. d4 d5 2. c4 c6 3. Nc3 e6 4. Nf3 dxc4 5. a4 Bb4 6. Bd2 Nf6 7. e3 Bxc3 8. Bxc3
O-O 9. Bxc4 Nbd7 10. O-O Nd5 11. e4 Nxc3 12. bxc3 b6 13. Qe2 Bb7 14. Rfd1 Qc7
15. e5 Rad8 16. Ng5 h6 17. Ne4 c5 18. Nd6 Ba8 19. Rac1 g6 20. Qg4 Kg7 21. f4 f5
22. Qh4 Bd5 23. Bxd5 exd5 24. Qe7+ Kg8 25. Rd3 cxd4 26. Rg3 g5 27. fxg5 h5 28.
g6 Nc5 29. Qxc7 Rd7 30. Qc6 d3 31. Qxd5+ Kg7 32. Rxd3 Kxg6 33. Rg3+ Kh6 34. Rg8
 1-0

[Event "Mistrzostwa KKSz Seniorow 2010"]
[Site "Krakow"]
[Date "2010.08.11"]
[Round "3.5"]
[White "Makowka, Kamil"]
[Black "Trebala, Michal"]
[Result "0-1"]
[BlackElo "1614"]
[BlackTitle "III"]
[WhiteElo "1842"]
[WhiteTitle "II"]

1. d4 d6 2. Nf3 Nf6 3. c4 g6 4. Nc3 Bg7 5. h3 O-O 6. e4 c5 7. Be3 cxd4 8. Nxd4
Nc6 9. Nde2 a6 10. Qd2 Ne5 11. Ng3 Be6 12. b3 Qa5 13. f4 Nc6 14. f5 Ng4 15. Rc1
Nxe3 16. Qxe3 gxf5 17. Be2 f4 18. Qxf4 Bxc3+ 19. Kf1 Bd2 20. Qh4 Bxc1 21. Nh5
Qg5 22. Qe1 Bd2 23. Qd1 Nd4 24. h4 Qe3 25. g4 f5 26. gxf5 Bxf5 27. Rh2 Bh3# 
0-1

[Event "Mistrzostwa KKSz Seniorow 2010"]
[Site "Krakow"]
[Date "2010.08.11"]
[Round "3.8"]
[White "Kapcia, Marcin"]
[Black "Czaplak, Lukasz"]
[Result "0-1"]
[BlackElo "1714"]
[BlackTitle "II"]
[WhiteElo "1542"]
[WhiteTitle "III"]

1. e4 e6 2. d4 d5 3. e5 c5 4. c3 Nc6 5. f4 Qb6 6. Nf3 Nh6 7. b3 cxd4 8. c4 Bb4+
9. Bd2 dxc4 10. Bxc4 Nf5 11. Bxb4 Qxb4+ 12. Qd2 Ne3 13. Kf2 Nxc4 14. bxc4 Qxc4
15. Rd1 O-O 16. Na3 Qc5 17. Qd3 f6 18. exf6 Rxf6 19. g3 e5 20. Ng5 Bf5 21. Qb3+
Kf8 22. Rac1 Qe7 23. Re1 h6 24. Nf3 e4 25. Ne5 Nxe5 26. fxe5 Be6+ 27. exf6
Qxf6+ 28. Kg1 Bxb3 29. axb3 Qb6 30. Rxe4 d3+ 31. Kf1 d2 32. Rd1 Qa6+ 33. Kg2
Qxa3 34. Rxd2 Qxb3 35. Rf2+ Kg8 36. Re7 Qd5+ 37. Kh3 Rf8 38. Rb2 Qf5+ 39. Kh4
g5+ 40. Kh5 Qf3+ 41. Kxh6 Qf6+  0-1

[Event "Mistrzostwa KKSz Seniorow 2010"]
[Site "Krakow"]
[Date "2010.08.12"]
[Round "4.1"]
[White "Gregulski, Zbigniew"]
[Black "Sliwerski, Radoslaw"]
[Result "0-1"]
[BlackElo "2173"]
[BlackTitle "k++"]
[WhiteElo "1915"]
[WhiteTitle "I"]

1. Nf3 Nf6 2. d4 e6 3. Bg5 c5 4. c3 Be7 5. e3 b6 6. Bd3 Bb7 7. O-O O-O 8. Qe2
Ne4 9. Bf4 d6 10. dxc5 Nxc5 11. Bc2 e5 12. Bg3 f5 13. h3 Nbd7 14. Rd1 Qc7 15.
c4 Ne4 16. Bh2 Ndf6 17. Nfd2 Rac8 18. Nxe4 fxe4 19. Nc3 a6 20. Rd2 Kh8 21. Bb3
g5 22. Rad1 h5 23. a3 Kg7 24. Ba2 Kh6 25. Bb3 Rh8 26. Ba2 Rh7 27. f3 exf3 28.
gxf3 Rg7 29. e4 Rf8 30. Kh1 h4 31. Rg1 Bc8 32. Rg4 Be6 33. Nd5 Bxd5 34. exd5
Nxg4 35. hxg4 Rgf7 36. Rd3 Bd8 37. Qe4 b5 38. Rc3 bxc4 39. Bxc4 Qb7 40. Bd3 Rf6
41. b4 Qf7 42. Be2 Bb6 43. Rc6 Rb8 44. Bd3 Bd4 45. Rxa6 Rb6 46. Ra8 Qg7 47. b5
Rb7 48. a4 Rbf7 49. a5 Rf8 50. Ra6 Bc5 51. Be2 Rf4 52. Bxf4 Rxf4 53. Qd3 e4 54.
fxe4 Qa1+ 55. Bd1 Rxg4 56. e5 Rg1+ 57. Kh2 Qxe5+  0-1

[Event "Mistrzostwa KKSz Seniorow 2010"]
[Site "Krakow"]
[Date "2010.08.12"]
[Round "4.2"]
[White "Gawronski, Lukasz"]
[Black "Zajac, Mateusz"]
[Result "1-0"]
[BlackElo "1871"]
[BlackTitle "II"]
[WhiteElo "2056"]
[WhiteTitle "I"]

1. d4 g6 2. e4 Bg7 3. c3 c5 4. dxc5 Na6 5. Bxa6 bxa6 6. Be3 Qc7 7. Ne2 Rb8 8. b3
Bb7 9. f3 f5 10. exf5 gxf5 11. Nd2 Nf6 12. Nc4 Nd5 13. Bd4 e5 14. Nd6+ Kd8 15.
Bf2 Rf8 16. Qc2 e4 17. fxe4 fxe4 18. Qxe4 Nf6 19. Qd4 Qc6 20. O-O-O Ne8 21.
Bh4+ Kc7 22. Nxe8+ Rbxe8 23. Bg3+ Kc8 24. Qxg7 Rg8 25. Qxh7 Qe6 26. Nd4 Qe3+
27. Kb2 Be4 28. Qf7 Ref8 29. Qc4  1-0

[Event "Mistrzostwa KKSz Seniorow 2010"]
[Site "Krakow"]
[Date "2010.08.12"]
[Round "4.3"]
[White "Trebala, Michal"]
[Black "Betlej, Jan"]
[Result "0-1"]
[BlackElo "1834"]
[BlackTitle "II"]
[WhiteElo "1614"]
[WhiteTitle "III"]

1. d4 Nf6 2. c4 g6 3. Nc3 Bg7 4. e4 d6 5. h3 O-O 6. Nf3 e5 7. d5 Nbd7 8. Be3 Nc5
9. Qc2 a5 10. Be2 Nh5 11. Qd2 f5 12. exf5 Bxf5 13. g4 Ne4 14. Qd1 Nxc3 15. bxc3
Be4 16. gxh5 Qf6 17. hxg6 hxg6 18. Rg1 Bxf3 19. Qc2 Bxe2 20. Kxe2 e4 21. Rg3
Qxc3 22. Qxc3 Bxc3 23. Rxg6+ Kf7 24. Rag1 Rh8 25. R6g4 Rxh3 26. Rxe4 Re8 27.
Rxe8 Kxe8 28. Rg8+ Kd7 29. Bg5 c6 30. Rf8 b5 31. Rf7+ Kc8 32. dxc6 bxc4 33. Ra7
Rh5 34. f4 Rh2+ 35. Kf3 Rb2 36. Ke4 Rb5 37. Rd7 Bb4 38. f5 Re5+ 39. Kf4 c3 40.
Rd8+ Kc7 41. Be7 c2 42. Rd7+ Kxc6 43. Rd8 c1=Q+  0-1

[Event "Mistrzostwa KKSz Seniorow 2010"]
[Site "Krakow"]
[Date "2010.08.12"]
[Round "4.4"]
[White "Kosztyla, Andrzej"]
[Black "Polek, Marek"]
[Result "0-1"]
[BlackElo "1703"]
[BlackTitle "II+"]
[WhiteElo "1681"]
[WhiteTitle "II"]

1. e4 c5 2. Nf3 d6 3. Nc3 Nf6 4. d3 e6 5. g3 Be7 6. Bg2 O-O 7. O-O Nc6 8. h3 Rb8
9. a4 a6 10. b3 b5 11. axb5 axb5 12. Bb2 d5 13. exd5 exd5 14. d4 b4 15. Ne2 Ne4
16. dxc5 Bxc5 17. Nfd4 Nxd4 18. Bxd4 Bxd4 19. Qxd4 Re8 20. Rfe1 Be6 21. Ra4 Qc8
22. Rc1 Nc5 23. Rxb4 Rxb4 24. Qxb4 Na6 25. Qd2 h6 26. Nf4 Rd8 27. Nxe6 fxe6 28.
h4 Nc5 29. Re1 Rd6 30. b4 Na4 31. Ra1 Nb2 32. c3 Nc4 33. Bf1 Nxd2  0-1

[Event "Mistrzostwa KKSz Seniorow 2010"]
[Site "Krakow"]
[Date "2010.08.12"]
[Round "4.7"]
[White "Krupinski, Jerzy"]
[Black "Kapcia, Janusz"]
[Result "0-1"]
[BlackElo "1468"]
[BlackTitle "II"]
[WhiteElo "1982"]
[WhiteTitle "I"]

1. d4 Nf6 2. c4 d5 3. Nc3 c6 4. Bg5 Be6 5. c5 Nbd7 6. e3 g6 7. f4 Ng4 8. Qd2 f5
9. Nf3 Bg7 10. h3 Ngf6 11. Bd3 Ne4 12. Bxe4 dxe4 13. Ne5 Nxe5 14. fxe5 Bc4 15.
b3 Bd3 16. Ne2 h6 17. Bf4 g5 18. Bh2 e6 19. O-O Qe7 20. Rad1 Bf8 21. Nc1 Ba6
22. b4 Bc4 23. Qc3 Bd5 24. a4 a6 25. Nb3 Rg8 26. g3 f4 27. exf4 gxf4 28. g4 f3
29. Kf2 Qh4+ 30. Bg3 Qxh3 31. Rg1 h5 32. Na5 Bh6 33. Ke1 Rxg4 34. Bf2 Rxg1+ 35.
Bxg1 f2+  0-1

[Event "Mistrzostwa KKSz Seniorow 2010"]
[Site "Krakow"]
[Date "2010.08.13"]
[Round "5.1"]
[White "Sliwerski, Radoslaw"]
[Black "Gawronski, Lukasz"]
[Result "1-0"]
[BlackElo "2056"]
[BlackTitle "I"]
[WhiteElo "2173"]
[WhiteTitle "k++"]

1. d4 Nf6 2. c4 c5 3. Nf3 cxd4 4. Nxd4 e5 5. Nb5 d5 6. cxd5 Bc5 7. N5c3 O-O 8.
e3 e4 9. a3 Bg4 10. Be2 Bxe2 11. Qxe2 Nbd7 12. Nd2 Qe7 13. O-O Nb6 14. Rd1 Rfd8
15. b4 Bd6 16. Bb2 Be5 17. Rac1 Nbxd5 18. Ndxe4 Nxc3 19. Nxc3 Qe6 20. h3 Qb3
21. Qc2 Qc4 22. Rd2 Rac8 23. Qd1 Rxd2 24. Qxd2 Qe6 25. Nb5 Rxc1+ 26. Qxc1 g5
27. Bxe5 Qxe5 28. Qc3 Qxb5 29. Qxf6 Qd5 30. Qd4 Qf5 31. Qxa7 b5 32. Qc5 Qf6 33.
Qxb5 Qa1+ 34. Kh2 g4 35. Qg5+ Kf8 36. Qd8+  1-0

[Event "Mistrzostwa KKSz Seniorow 2010"]
[Site "Krakow"]
[Date "2010.08.13"]
[Round "5.2"]
[White "Polek, Marek"]
[Black "Gregulski, Zbigniew"]
[Result "0-1"]
[BlackElo "1915"]
[BlackTitle "I"]
[WhiteElo "1703"]
[WhiteTitle "II+"]

1. e4 c6 2. d4 d5 3. exd5 cxd5 4. Bd3 Nf6 5. Ne2 Bg4 6. O-O e6 7. Bg5 Be7 8. c3
O-O 9. f3 Bh5 10. Nf4 Nbd7 11. Re1 Re8 12. Nd2 Bg6 13. Nxg6 hxg6 14. b3 Nh5 15.
Be3 Bd6 16. g3 Rc8 17. c4 dxc4 18. bxc4 e5 19. d5 Nc5 20. Nb3 Qc7 21. Rc1 Nf6
22. Bf2 b6 23. Kg2 Qb7 24. Qd2 Qc7 25. Be4 Nh7 26. Nxc5 Bxc5 27. Bxc5 Qxc5 28.
d6 Rcd8 29. Red1 Rd7 30. Bd5 Kf8 31. g4 Rxd6 32. g5 Rd7 33. h4 Kg8 34. Rc3 Nf8
35. Re3 Qc7 36. f4 Rde7 37. f5 gxf5 38. h5 Ne6  0-1

[Event "Mistrzostwa KKSz Seniorow 2010"]
[Site "Krakow"]
[Date "2010.08.13"]
[Round "5.3"]
[White "Zaskalski, Dawid"]
[Black "Betlej, Jan"]
[Result "0-1"]
[BlackElo "1834"]
[BlackTitle "II"]
[WhiteElo "1874"]
[WhiteTitle "I"]

1. e4 c5 2. c3 b6 3. d4 Bb7 4. Bd3 Nf6 5. Qe2 e6 6. Nf3 Be7 7. O-O Nc6 8. Bf4
cxd4 9. cxd4 Nb4 10. Nc3 Nxd3 11. Qxd3 d5 12. e5 Ne4 13. Nd2 Nxc3 14. bxc3 O-O
15. Be3 Qc7 16. f4 a5 17. Rf3 Ba6 18. Qc2 Rfc8 19. Nb1 Qc4 20. f5 Qd3 21. Qxd3
Bxd3 22. f6 gxf6 23. exf6 Bd6 24. Bf4 Bxf4 25. Rxd3 b5 26. a3 Rc4 27. Ra2 Rac8
28. Rf2 Bd6 29. Rb2 b4 30. axb4 axb4 31. cxb4 Bxb4 32. Nd2 Rc1+ 33. Kf2 Bd6 34.
Nf3 Bf4 35. Re2 h6 36. h4 R8c2 37. Ne5 Bxe5 38. dxe5 Rc3 39. Rxc3 Rxc3 40. Rb2
h5 41. Rb8+ Kh7 42. Rf8 Kg6 43. Rg8+ Kf5 44. Rg5+ Kf4 45. Rxh5 Rc2+ 46. Kf1 Ke3
47. g4 d4 48. Rh7 Rc7 49. Rh8 d3 50. Rd8 Rc1+ 51. Kg2 d2 52. Rxd2 Kxd2 53. Kf3
Rc4 54. h5 Kd3 55. h6 Rc8 56. g5 Kd4 57. Kf4 Rg8  0-1

[Event "Mistrzostwa KKSz Seniorow 2010"]
[Site "Krakow"]
[Date "2010.08.13"]
[Round "5.4"]
[White "Zajac, Mateusz"]
[Black "Czaplak, Lukasz"]
[Result "1-0"]
[BlackElo "1714"]
[BlackTitle "II"]
[WhiteElo "1871"]
[WhiteTitle "II"]

1. e4 e6 2. d4 d5 3. Nc3 Bb4 4. e5 c5 5. a3 Bxc3+ 6. bxc3 Qa5 7. Bd2 Qa4 8. Qb1
c4 9. h4 Ne7 10. h5 h6 11. Ne2 Nbc6 12. g3 b6 13. Bh3 Bb7 14. Nf4 O-O-O 15. O-O
Kb8 16. Kh2 Bc8 17. Qd1 Rdg8 18. Ng2 g6 19. Ne3 Rg7 20. Ng4 g5 21. Be1 Nd8 22.
Qe2 Nf5 23. Nf6 Bb7 24. Ra2 a5 25. Bxf5 exf5 26. Qf3 Qb5 27. Bd2 Ne6 28. a4 Qc6
29. Qxf5 Bc8 30. Qf3 Bb7 31. Qe2 Ka7 32. Rb1 Ba6 33. Bc1 Rb8 34. Qf3 Nc7 35.
Rba1 Bc8 36. g4 Be6 37. Ba3 Rc8 38. Kg1 Ka6 39. Bd6 Na8 40. Qg2 Rh8 41. Rb2 Rc8
42. Rb5 Qb7 43. Rab1 Rd8 44. Nxd5 Bd7 45. Nc7+  1-0

[Event "Mistrzostwa KKSz Seniorow 2010"]
[Site "Krakow"]
[Date "2010.08.13"]
[Round "5.5"]
[White "Kapcia, Janusz"]
[Black "Trebala, Michal"]
[Result "0-1"]
[BlackElo "1614"]
[BlackTitle "III"]
[WhiteElo "1468"]
[WhiteTitle "II"]

1. c4 d6 2. e4 Nf6 3. Nc3 g6 4. d3 Bg7 5. h3 O-O 6. Nf3 e5 7. Be3 Nbd7 8. Be2
Nc5 9. b4 Ne6 10. g3 c5 11. b5 Nd4 12. Bd2 Nxe2 13. Qxe2 Nh5 14. Rc1 Be6 15.
Ng5 Qd7 16. Qf1 h6 17. Nf3 f5 18. Nh4 Qf7 19. Nd5 Kh7 20. Ng2 fxe4 21. dxe4 Qf3
22. Rc3 Qxe4+ 23. Kd1 Bxd5 24. cxd5 Qxd5 25. Rb3 Rf3 26. Ne3 Qf7 27. Rh2 Nxg3
28. Qd3 Rxf2 29. Rxf2 Qxf2 30. Be1 Qf3+ 31. Kd2 Ne4+ 32. Kc1 Rc8 33. Qd5 Qf4
34. Kb1 c4 35. Nxc4 Rxc4 36. Qd1 Nc5 37. Rb2 Qf5+ 38. Rc2 Rb4+ 39. Bxb4 e4 40.
Qxd6 Nd3 41. a4 Qf1+ 42. Ka2 Qa1+ 43. Kb3 Qb1+ 44. Kc4 Qxc2+ 45. Kd5 Nxb4+ 46.
Qxb4  0-1

[Event "Mistrzostwa KKSz Seniorow 2010"]
[Site "Krakow"]
[Date "2010.08.14"]
[Round "6.1"]
[White "Betlej, Jan"]
[Black "Sliwerski, Radoslaw"]
[Result "1/2-1/2"]
[BlackElo "2173"]
[BlackTitle "k++"]
[WhiteElo "1834"]
[WhiteTitle "II"]

1. d4 Nf6 2. c4 e6 3. g3 d5 4. Bg2 Be7 5. Nf3 O-O 6. O-O dxc4 7. Ne5 Nc6 8. Nxc6
bxc6 9. Bg5 Rb8 10. Na3 Ba6 11. Qa4 Qc8 12. Rab1 c5 13. dxc5 Bxc5 14. Bxf6 gxf6
15. Rfc1 Rd8 16. Nxc4 Rb4 17. Qc6 Rxc4 18. Rxc4 Bxc4 19. Qxc5 Bxa2 20. Rc1 Bb3
21. Qxa7 Rd1+ 22. Rxd1 Bxd1 23. e3 c5 24. Qa8 Qxa8 25. Bxa8 Kf8 26. Kf1 Ke7 27.
Ke1 Bb3 28. Kd2 Kd6 29. Bf3 Bd5 30. Bh5 e5 31. f4 h6 32. Kc3 Kc6 33. b3 Kd6 34.
Be2 Kc6 35. h4 exf4 36. gxf4 f5  1/2-1/2